Discurso leido por el presidente sr.d.antonio canovas del castillo /
Guardado en:
| Autor Principal: | |
|---|---|
| Formato: | Libro |
| Publicado: |
Madrid :
Manuel Gines Hernandez,
1892
|
| Materias: | |
| Etiquetas: |
Agregar Etiqueta
Sin Etiquetas, Sea el primero en etiquetar este registro!
|
| LEADER | 00540nam a22001575a 4500 | ||
|---|---|---|---|
| 001 | EHU.bham002811 | ||
| 003 | AR-BHAM | ||
| 005 | 20070329181727.0 | ||
| 008 | 130507s1892##################000#0#####d | ||
| 082 | D | 3 | |a 340.06 |
| 100 | 1 | |a Canovas Del Castillo, Antonio | |
| 245 | 1 | 0 | |a Discurso leido por el presidente sr.d.antonio canovas del castillo / |c Antonio Canovas Del Castillo. |
| 260 | |a Madrid : |b Manuel Gines Hernandez, |c 1892 | ||
| 300 | |a 32 p. | ||
| 653 | |a Derecho-asociaciones | ||
| 859 | |a AR-BHAM |b BIB. HUMANIDADES - General |h D340.06 |i C165 |k D |p 1793.62 |t Ej.1 | ||
